Detalles MARC
| 000 -LEADER |
| campo de control de longitud fija |
02489cam a22003614i 4500 |
| 003 - IDENTIFICADOR DE NÚMERO DE CONTROL |
| campo de control |
PE-LiUPU |
| 005 - FECHA Y HORA DE LA ÚLTIMA TRANSACCIÓN |
| campo de control |
20250813101349.0 |
| 008 - DATOS DE LONGITUD FIJA--INFORMACIÓN GENERAL |
| campo de control de longitud fija |
2004 xxu rb 001 0 spa d |
| 020 ## - NÚMERO INTERNACIONAL ESTÁNDAR DEL LIBRO |
| Número Internacional Estándar del Libro |
1558834001 |
| 035 ## - NÚMERO DE CONTROL DEL SISTEMA |
| Número de control de sistema |
PE-LiUPU55983 |
| 040 ## - FUENTE DE CATALOGACIÓN |
| Centro catalogador/agencia de origen |
PE-LiUPU |
| Lengua de catalogación |
spa |
| Centro/agencia transcriptor |
PE-LiUPU |
| Normas de descripción |
rda |
| 041 1# - CÓDIGO DE IDIOMA |
| Código de lengua del texto/banda sonora o título independiente |
spa |
| Código de lengua original |
eng |
| 082 04 - NÚMERO DE LA CLASIFICACIÓN DECIMAL DEWEY |
| Número de clasificación |
221.61 |
| Cutter |
L345p |
| Número de edición |
22 |
| 100 ## - ENTRADA PRINCIPAL--NOMBRE DE PERSONA |
| Nombre de persona |
Lasor, William Sanford, |
| Término indicativo de función/relación |
autor. |
| 9 (RLIN) |
6313 |
| 245 10 - MENCIÓN DEL TÍTULO |
| Título |
Panorama del Antiguo Testamento : |
| Resto del título |
mensaje, forma y trasfondo del Antiguo Testamento / |
| Mención de responsabilidad, etc. |
por William Sanford LaSor, David Allan Hubbard y Frederic William Bush. |
| 246 1# - FORMA VARIANTE DEL TITULO |
| Título propio/Titulo breve |
Old Testament survey. |
| Resto del título |
Spanish |
| 250 ## - MENCION DE EDICION |
| Mención de edición |
Primera reimpresión. |
| 264 #1 - PRODUCCIÓN, PUBLICACIÓN, DISTRIBUCIÓN, FABRICACIÓN Y COPYRIGHT |
| Producción, publicación, distribución, fabricación y copyright |
Grand Rapids, Michigan : |
| Nombre del de productor, editor, distribuidor, fabricante |
Libros Desafío, |
| Fecha de producción, publicación, distribución, fabricación o copyright |
2004. |
| 300 ## - DESCRIPCIÓN FÍSICA |
| Extensión |
675 páginas : |
| Otras características físicas |
ilustraciones ; |
| Dimensiones |
24 cm |
| 336 ## - TIPO DE CONTENIDO |
| Término de tipo de contenido |
text |
| Fuente |
rdacontent |
| 337 ## - TIPO DE MEDIO |
| Nombre/término del tipo de medio |
unmediated |
| Fuente |
rdamedia |
| 338 ## - TIPO DE SOPORTE |
| Nombre/término del tipo de soporte |
volume |
| Fuente |
rdacarrier |
| 500 ## - NOTA GENERAL |
| Nota general |
Traducción de: Old Testament survey: the message, form, and background of the Old Testament. |
| 504 ## - NOTA DE BIBLIOGRAFÍA, ETC. |
| Nota de bibliografía, etc. |
Incluye referencias bibliográficas. |
| 505 0# - NOTA DE CONTENIDO CON FORMATO |
| Nota de contenido con formato |
La autoridad del Antiguo Testamento -- Revelación e inspiración -- El canon -- Formación del Antiguo Testamento -- Geografía -- El Pentateuco -- Génesis: el prólogo primitivo -- Génesis: historia patriarcal -- Éxodo: contexto histórico -- Éxodo: contenido y teología -- Levítico -- Números -- Deuteronomio -- Los profetas anteriores -- Josué -- Jueces -- Nace la monarquía (1 S. 1-31) -- La edad de oro de Israel: David y Salomón (2 S. 1.1-1 R. 11) -- Monarquía dividida (1 R. 12.1-2 R. 18.12) -- Judá sola (2 R. 18-25) -- El enigma cronológico -- Los profetas y la profecía -- La poesía hebrea -- Amos -- Oseas -- Jonás -- Miqueas -- El trasfondo histórico de Isaías -- Isaías: su mensaje -- La profecía mesiánica -- Jeremías -- Sofonías y Joel -- Nahum y Habacuc -- Abdías -- Ezequiel -- Hageo -- Zacarías -- Malaquías -- Los escritos -- Salmos -- Los libros sapienciales -- Proverbios -- Job -- Eclesiastés -- El Cantar de los Cantares -- Rut -- Lamentaciones -- El rollo de Ester -- La perspectiva del cronista -- Esdras-Nehemías -- Daniel. |
| 630 #0 - PUNTO DE ACCESO ADICIONAL DE MATERIA--TÍTULO UNIFORME |
| Título uniforme |
Biblia. |
| Nombre de parte o sección de la obra |
Antiguo Testamento |
| Subdivisión general |
Historia. |
| 9 (RLIN) |
5701 |
| 630 #0 - PUNTO DE ACCESO ADICIONAL DE MATERIA--TÍTULO UNIFORME |
| Título uniforme |
Biblia. |
| Subdivisión general |
Crítica, interpretación, etc. |
| Subdivisión de forma |
Ensayos, conferencias, etc. |
| 9 (RLIN) |
1752 |
| 700 ## - ENTRADA AGREGADA--NOMBRE PERSONAL |
| Nombre de persona |
Hubbard, David Allan, |
| Término indicativo de función/relación |
autor. |
| 9 (RLIN) |
6563 |
| 700 ## - ENTRADA AGREGADA--NOMBRE PERSONAL |
| Nombre de persona |
Bush, Frederic William, |
| Término indicativo de función/relación |
autor. |
| 9 (RLIN) |
6564 |
| 942 ## - ELEMENTOS DE ENTRADA SECUNDARIOS (KOHA) |
| Fuente del sistema de clasificación o colocación |
Clasificación Decimal Dewey |
| Tipo de ítem Koha |
Libros físicos |
| 980 ## - EQUIVALENCIA O REFERENCIA-CRUZADA-MENCIÓN DE SERIE--NOMBRE DE PERSONA/TÍTULO [LOCAL, CANADÁ] |
| ID del último usuario que modificó el registro |
21515 |
| Nombre del último usuario que modificó el registro |
ROMINA COBOS Adquisiciones |